Normal view
MARC view
- DE-COMP-39
Entry Topical Term
001 - CONTROL NUMBER
- control field: 85441
003 - CONTROL NUMBER IDENTIFIER
- control field: NUST
005 - DATE AND TIME OF LATEST TRANSACTION
- control field: 20211202152922.0
008 - FIXED-LENGTH DATA ELEMENTS
- fixed length control field: 211202|| aca||aabn | a|a d
040 ## - CATALOGING SOURCE
- Original cataloging agency: NUST
- Transcribing agency: NUST
150 ## - HEADING--TOPICAL TERM
- Topical term or geographic name entry element: DE-COMP-39
670 ## - SOURCE DATA FOUND
- Source citation: Work cat.: (NUST): Ns Yahya Abdul Rehman Shah Ns Sheikh Muhammad Yousuf Ns Talha Ejaz Pc Nausheen Abbas 85439, PR-SOF-2007-BrEZ-Haptic Technology Based Emotion Profiling and Regulation, 2021.
